000 01027cam a2200205 4500
001 WB3706-22
008 000000n2001 000 0 eng u
035 _a(Sirsi) u110831
245 _aCounter to landlord's wishes
260 _c2001
490 _aEstates Gazette
_v(0105) 3 February 2001, 165(1)
520 _aConsiders that the recent HL ruling in "R v SoS Environment and another ex p Spath Holme Ltd", which upheld the government's cap on fair rents, is bad news for landlords; restricting rent increases is not limited to countering inflation. Discusses the system of fair rents with reference to the Rents Act (Maximum Fair Rents) Order 1999 and the Landlord and Tenant Act 1985 s31.
590 _aWB
650 _aRENT ACTS (MAXIMUM FAIR RENT) ORDER 1999
650 _aFAIR RENTS
650 _aR V SOS ENVIRONMENT AND ANOTHER EX P SPATH HOLME LTD
650 _aLANDLORD AND TENANT ACT 1985 S31
690 _aPROPERTY-RESIDENTIAL PROPERTY-RESIDENTIAL LANDLORD AND TENANT-RESIDENTIAL TENANCIES
942 _n0
999 _c66074
_d66074